Alkalmazotti elégedettség- és motivációvizsgálat az euDIÁKOK call centerének példáján keresztül

Bibliographic Details
Main Author: Stancz Alexandra
Other Authors: Somogyi Dr. Aliz
Format: Thesis
Kulcsszavak:Dolgozói motiváció
Call Center
belső ügyfél-elégedettség
Online Access:http://dolgozattar.uni-bge.hu/14427

MARC

LEADER 00000nta a2200000 i 4500
001 dolg14427
005 20171216132153.0
008 171216suuuu hu om 000 hun d
040 |a BGE Dolgozattár Repozitórium  |b hun 
041 |a hu 
100 1 |a Stancz Alexandra 
245 1 0 |a Alkalmazotti elégedettség- és motivációvizsgálat az euDIÁKOK call centerének példáján keresztül  |c Stancz Alexandra  |h [elektronikus dokumentum] 
246 1 1 |a Alkalmazotti elégedettség- és motivációvizsgálat az euDIÁKOK call centerének példáján keresztül 
695 |a Dolgozói motiváció 
695 |a Call Center 
695 |a belső ügyfél-elégedettség 
700 1 |a Somogyi Dr. Aliz  |e ths 
856 4 0 |u http://dolgozattar.uni-bge.hu/14427/1/FZTING_titkos%C3%ADt%C3%A1s.pdf  |z Dokumentum-elérés 
856 4 0 |u http://dolgozattar.uni-bge.hu/14427/2/Szakdolgozat_FZTING.pdf  |z Dokumentum-elérés